Statistics for Every WWE Royal Rumble #1 Entrant

Click here to take the quiz!

General Stats

  • This quiz has been taken 36 times
  • The average score is 27 of 43

Answer Stats

Year of RumbleWrestler at #1% Correct
2004Chris Benoit
90%
2021Edge
90%
2016Roman Reigns
90%
2003Shawn Michaels
86%
1995Shawn Michaels
86%
2015The Miz
86%
2012The Miz
86%
2020Brock Lesnar
83%
2009Rey Mysterio
83%
2007Ric Flair
83%
1993Ric Flair
83%
2006Triple-H
83%
2013Dolph Ziggler
79%
2010Dolph Ziggler
79%
2018 GRRDaniel Bryan
76%
1999Steve Austin
76%
2008The Undertaker
76%
2023Gunther
72%
1988Bret Hart
69%
1991Bret Hart
69%
2023 WRhea Ripley
69%
2014CM Punk
66%
2011CM Punk
66%
2022 WSasha Banks
66%
2018 WSasha Banks
66%
2022AJ Styles
59%
2021 WBayley
59%
2005Eddie Guerrero
59%
2001Jeff Hardy
55%
2019Elias
52%
2020 WAlexa Bliss
48%
1990Ted DiBiase
48%
2018Rusev
45%
1992The British Bulldog
41%
2017Big Cass
38%
2019 WLacey Evans
38%
2002Rikishi
38%
2000D'Lo Brown
31%
1989Ax
28%
1998Cactus Jack
24%
1994Scott Steiner
24%
1997Crush
21%
1996Hunter Hearst Helmsley
17%

Score Distribution

Percentile by Number Answered

Percent of People with Each Score

Your Score History

You have not taken this quiz